Can you name all 7 continents in under 15 seconds? - Statistics

General Stats
  • This quiz has been taken 1,504 times
    1,481 since last reset
  • The average score is 4 of 7
Answer Stats
Landmass Answer % Correct
17,212,000 Square Miles Asia
80%
9,365,000 Square Miles North america
69%
3,837,000 Square Miles Europe
65%
6,880,000 Square Miles South america
62%
11,608,000 Square Miles Africa
60%
2,968,000 Square Miles Oceania
29%
5,100,000 Square Miles Antarctica
23%
No matching quizzes found
Score Distribution
Percent of People with Each Score
Percentile by Number Answered
Your Score History
You have not taken this quiz since the last reset